[Event "Donskoj 07"]
[Site "Donskoj"]
[Date "2018.07.24"]
[Round "9"]
[White "Brovkin, Alexander"]
[Black "Moiseev, Viktor"]
[Result "0-1"]
[WhiteElo "2294"]
[BlackElo "2408"]
[PlyCount "72"]
[EventDate "2018.07.20"]
[EventType "tourn"]
[EventRounds "9"]
[EventCountry "RUS"]
[EventCategory "2"]
[SourceTitle "CBM 186 Extra"]
[Source "ChessBase"]
[SourceDate "2018.08.24"]
[SourceVersion "1"]
[SourceVersionDate "2018.08.24"]
[SourceQuality "1"]

1. c4 Nf6 2. Nc3 d5 3. cxd5 Nxd5 4. g3 g6 5. Bg2 Nb6 6. Nf3 Bg7 7. 0-0 Nc6 8. d3 0-0 9. Be3 h6 10. Qd2 Kh7 11. Rac1 e5 12. Ne1 Nd4 13. Nc2 c6 14. f4 exf4 15. Rxf4 Ne6 16. Rf2 f5 17. b3 Nd7 18. Rcf1 Nf6 19. Bf3 Bd7 20. d4 Rc8 21. Qd3 Re8 22. Bc1 c5 23. e3 Ng5 24. Bg2 Nfe4 25. Nxe4 fxe4 26. Qe2 Nh3+ 27. Bxh3 Bxh3 28. Rd1 Rf8 29. Rxf8 Qxf8 30. d5 Qf5 31. Re1 Qxd5 32. Na3 Rf8 33. Nc4 b5 34. Nd2 Qf5 35. a4 bxa4 36. bxa4 Bc3 0-1

[Event "Donskoj 07"]
[Site "Donskoj"]
[Date "2018.07.24"]
[Round "8"]
[White "Moiseev, Viktor"]
[Black "Trubizin, Ivan"]
[Result "1-0"]
[WhiteElo "2408"]
[BlackElo "2111"]
[PlyCount "53"]
[EventDate "2018.07.20"]
[EventType "tourn"]
[EventRounds "9"]
[EventCountry "RUS"]
[EventCategory "2"]
[SourceTitle "CBM 186 Extra"]
[Source "ChessBase"]
[SourceDate "2018.08.24"]
[SourceVersion "1"]
[SourceVersionDate "2018.08.24"]
[SourceQuality "1"]

1. e4 c5 2. Nf3 e6 3. d4 cxd4 4. Nxd4 a6 5. Bd3 Bc5 6. Nb3 Ba7 7. 0-0 Ne7 8. Qe2 Nbc6 9. Be3 Bxe3 10. Qxe3 e5 11. c4 0-0 12. Nc3 d6 13. Rfd1 Be6 14. Bf1 Rc8 15. Rd2 Na5 16. Nxa5 Qxa5 17. b3 b5 18. Rxd6 bxc4 19. bxc4 Bxc4 20. Bxc4 Rxc4 21. Nd5 Nc8 22. Rd7 Qa4 23. Qg5 h6 24. Qf5 Qxa2 25. Nf6+ gxf6 26. Qg4+ Kh7 27. Rxa2 1-0

[Event "Donskoj 07"]
[Site "Donskoj"]
[Date "2018.07.21"]
[Round "2"]
[White "Gusev, Aleksey"]
[Black "Moiseev, Viktor"]
[Result "1/2-1/2"]
[WhiteElo "2370"]
[BlackElo "2408"]
[PlyCount "84"]
[EventDate "2018.07.20"]
[EventType "tourn"]
[EventRounds "9"]
[EventCountry "RUS"]
[EventCategory "2"]
[SourceTitle "CBM 186 Extra"]
[Source "ChessBase"]
[SourceDate "2018.08.24"]
[SourceVersion "1"]
[SourceVersionDate "2018.08.24"]
[SourceQuality "1"]

1. e4 c5 2. Nf3 e6 3. d4 cxd4 4. Nxd4 a6 5. Nc3 Qc7 6. Be2 Nf6 7. 0-0 Nc6 8. Be3 d6 9. f4 Bd7 10. Kh1 b5 11. Bf3 Nxd4 12. Bxd4 e5 13. Be3 Rc8 14. Rf2 Be7 15. a3 0-0 16. f5 a5 17. Bg5 Bc6 18. Qd3 b4 19. Bxf6 Bxf6 20. axb4 axb4 21. Nd5 Bxd5 22. Qxd5 Qb6 23. Re2 Rc5 24. Qb3 Rfc8 25. Rd1 Bg5 26. g3 Rc4 27. c3 Be7 28. Rd3 Qc5 29. Rd5 Qc7 30. cxb4 Qb6 31. b5 Rc1+ 32. Rd1 Rxd1+ 33. Qxd1 Qxb5 34. Kg2 Rc4 35. Rc2 Rxc2+ 36. Qxc2 Qc5 37. Qxc5 dxc5 38. Kf2 Bg5 39. Ke2 Kf8 40. Kd3 Bc1 41. b3 Ke7 42. Kc4 Kd6 1/2-1/2

[Event "Tula"]
[Site "Tula"]
[Date "2018.04.10"]
[Round "3"]
[White "Moiseev, Viktor"]
[Black "Shkurkin, Andrey"]
[Result "1-0"]
[WhiteElo "2405"]
[BlackElo "2238"]
[PlyCount "67"]
[EventDate "2018.04.09"]
[EventType "tourn"]
[EventRounds "13"]
[EventCountry "RUS"]
[EventCategory "2"]
[SourceTitle "CBM 184 Extra"]
[Source "ChessBase"]
[SourceDate "2018.06.28"]
[SourceVersion "1"]
[SourceVersionDate "2018.06.28"]
[SourceQuality "1"]

1. d4 Nf6 2. Nf3 c5 3. c3 b6 4. Bf4 g6 5. e3 Bg7 6. Be2 0-0 7. 0-0 d6 8. h3 Bb7 9. Nbd2 Re8 10. Qb1 Nc6 11. Bh2 Qc7 12. b4 Nd5 13. Rc1 e5 14. Bc4 Nf6 15. Qb3 Rad8 16. a4 Qe7 17. a5 e4 18. Ne1 d5 19. Bb5 c4 20. Qa4 Rc8 21. a6 Ba8 22. Qd1 Rb8 23. Bxb8 Rxb8 24. Nc2 Ne8 25. Na3 Nd6 26. Qg4 f5 27. Qg3 Nd8 28. Ba4 Bc6 29. Bxc6 Nxc6 30. b5 Nd8 31. Nc2 Ne6 32. Nb4 f4 33. Nxd5 Qf7 34. Nxf4 1-0

[Event "Donskoj"]
[Site "Donskoj"]
[Date "2018.03.11"]
[Round "4"]
[White "Moiseev, Viktor"]
[Black "Postypalskiy, Mihail"]
[Result "1-0"]
[WhiteElo "2399"]
[BlackElo "2363"]
[PlyCount "105"]
[EventDate "2018.03.09"]
[EventType "tourn"]
[EventRounds "13"]
[EventCountry "RUS"]
[EventCategory "1"]
[SourceTitle "CBM 183 Extra"]
[Source "ChessBase"]
[SourceDate "2018.04.19"]
[SourceVersion "1"]
[SourceVersionDate "2018.04.19"]
[SourceQuality "1"]

1. e4 c5 2. Nf3 d6 3. d3 Nc6 4. g3 g6 5. Bg2 Bg7 6. 0-0 e6 7. Nbd2 Nge7 8. Re1 0-0 9. h4 d5 10. h5 f5 11. hxg6 hxg6 12. exd5 exd5 13. Nb3 b6 14. c3 Re8 15. Bg5 Qd7 16. d4 c4 17. Nc1 Bb7 18. Ne2 Qd6 19. Nf4 b5 20. Re6 Qd7 21. Qe2 Kf7 22. Re1 Ng8 23. Rxe8 Rxe8 24. Qxe8+ Qxe8 25. Rxe8 Kxe8 26. Nxg6 Nge7 27. Nxe7 Nxe7 28. Nh4 Bc8 29. Bh3 Bf8 30. Bxe7 Bxe7 31. Bxf5 Bxh4 32. Bxc8 Be7 33. Be6 b4 34. Bxd5 bxc3 35. bxc3 Ba3 36. Bxc4 Bb2 37. Bb5+ Ke7 38. d5 Bxc3 39. f4 Bb4 40. a4 Kd6 41. Bc6 Ke7 42. Kf2 Kf6 43. Kf3 Bc5 44. g4 Bd6 45. g5+ Kf5 46. Bd7+ Kg6 47. Kg4 Bb4 48. f5+ Kf7 49. f6 Kg6 50. Be8+ Kh7 51. g6+ Kg8 52. Bf7+ Kf8 53. Be6 1-0

[Event "Donskoj"]
[Site "Donskoj"]
[Date "2018.03.10"]
[Round "3"]
[White "Garayev, Kanan Farzali Oglu"]
[Black "Moiseev, Viktor"]
[Result "1/2-1/2"]
[WhiteElo "2252"]
[BlackElo "2399"]
[PlyCount "73"]
[EventDate "2018.03.09"]
[EventType "tourn"]
[EventRounds "13"]
[EventCountry "RUS"]
[EventCategory "1"]
[SourceTitle "CBM 183 Extra"]
[Source "ChessBase"]
[SourceDate "2018.04.19"]
[SourceVersion "1"]
[SourceVersionDate "2018.04.19"]
[SourceQuality "1"]

1. d4 d5 2. c4 c6 3. Nc3 Nf6 4. e3 e6 5. Nf3 Nbd7 6. Bd3 dxc4 7. Bxc4 b5 8. Bd3 b4 9. Ne4 Nxe4 10. Bxe4 Bb7 11. a3 bxa3 12. 0-0 Bd6 13. Nd2 axb2 14. Bxb2 0-0 15. Ba3 Bxa3 16. Rxa3 Qc7 17. Qc2 h6 18. Nb3 c5 19. Bxb7 Qxb7 20. Nxc5 Nxc5 21. Qxc5 Rfc8 22. Qa5 a6 23. Raa1 Rc6 24. d5 exd5 25. Qxd5 Rac8 26. Rab1 Qxb1 27. Rxb1 Rc1+ 28. Qd1 Rxd1+ 29. Rxd1 a5 30. Ra1 a4 31. Kf1 Ra8 32. Ke2 Kf8 33. Kd3 Rd8+ 34. Kc3 Rc8+ 35. Kd3 Rd8+ 36. Kc3 Rc8+ 37. Kd3 1/2-1/2

[Event "Donskoj"]
[Site "Donskoj"]
[Date "2018.03.10"]
[Round "2"]
[White "Moiseev, Viktor"]
[Black "Kravchenko, Alexander"]
[Result "1-0"]
[WhiteElo "2399"]
[BlackElo "1829"]
[PlyCount "71"]
[EventDate "2018.03.09"]
[EventType "tourn"]
[EventRounds "13"]
[EventCountry "RUS"]
[EventCategory "1"]
[SourceTitle "CBM 183 Extra"]
[Source "ChessBase"]
[SourceDate "2018.04.19"]
[SourceVersion "1"]
[SourceVersionDate "2018.04.19"]
[SourceQuality "1"]

1. d4 Nf6 2. c4 g6 3. Nc3 Bg7 4. Nf3 0-0 5. g3 d6 6. Bg2 Nbd7 7. 0-0 e5 8. e4 c6 9. h3 a5 10. Rb1 Re8 11. Re1 exd4 12. Nxd4 Nc5 13. Bf4 Bf8 14. Qc2 Nfd7 15. Rbd1 a4 16. b4 axb3 17. Nxb3 Qc7 18. Nxc5 Nxc5 19. Rd2 Be6 20. Red1 Red8 21. Bf1 Be7 22. Ne2 Ra4 23. Nd4 Rda8 24. Nxe6 Nxe6 25. Bxd6 Bxd6 26. Rxd6 Rxa2 27. Qc3 Qb6 28. Qf6 Nf8 29. e5 Re8 30. Rd7 Nxd7 31. Rxd7 Rf8 32. e6 Qxf2+ 33. Qxf2 Rxf2 34. e7 Ra2 35. Rd8 Ra8 36. exf8Q# 1-0

[Event "Reviakino"]
[Site "Reviakino"]
[Date "2017.12.28"]
[Round "13"]
[White "Moiseev, Viktor"]
[Black "Moiseenko, Vladimir"]
[Result "1-0"]
[WhiteElo "2390"]
[BlackElo "2257"]
[PlyCount "97"]
[EventDate "2017.12.22"]
[EventType "tourn"]
[EventRounds "13"]
[EventCountry "RUS"]
[SourceTitle "CBM 182 Extra"]
[Source "ChessBase"]
[SourceDate "2018.02.23"]
[SourceVersion "1"]
[SourceVersionDate "2018.02.23"]
[SourceQuality "1"]

1. e4 e5 2. Nc3 Nf6 3. f4 d5 4. d3 d4 5. fxe5 dxc3 6. exf6 Qxf6 7. bxc3 Bb4 8. Ne2 Bg4 9. Bd2 Bxe2 10. Bxe2 Bxc3 11. Rb1 Bd4 12. Bf3 Nc6 13. Rb3 Ne5 14. Qe2 0-0-0 15. Rf1 Qc6 16. Bf4 Rhe8 17. Qd2 f5 18. Bxe5 Rxe5 19. c3 Bb6 20. d4 Re7 21. Qg5 Qe6 22. Kf2 g6 23. Kg1 Rf7 24. e5 c5 25. Rc1 cxd4 26. cxd4+ Kb8 27. Kh1 Rxd4 28. Rbc3 Rc7 29. Rxc7 Bxc7 30. Re1 a5 31. Qh6 Rb4 32. Qf8+ Ka7 33. Qc5+ Bb6 34. Qc3 Rh4 35. Rb1 Rxh2+ 36. Kxh2 g5 37. g3 g4 38. Rxb6 Qxb6 39. Bd5 f4 40. gxf4 Qf2+ 41. Bg2 Qxf4+ 42. Qg3 Qh6+ 43. Kg1 Qc1+ 44. Bf1 Qc6 45. Qe3+ b6 46. e6 g3 47. e7 Qc2 48. Be2 Qc1+ 49. Qxc1 1-0

[Event "Bolkhov"]
[Site "Bolkhov"]
[Date "2017.10.06"]
[Round "12"]
[White "Korchenkova, Irina"]
[Black "Moiseev, Viktor"]
[Result "1/2-1/2"]
[WhiteElo "2103"]
[BlackElo "2405"]
[PlyCount "74"]
[EventDate "2017.09.30"]
[EventType "tourn"]
[EventRounds "13"]
[EventCountry "RUS"]
[SourceTitle "CBM 181 Extra"]
[Source "ChessBase"]
[SourceDate "2017.12.12"]
[SourceVersion "1"]
[SourceVersionDate "2017.12.12"]
[SourceQuality "1"]

1. e4 c5 2. Nf3 Nc6 3. d4 cxd4 4. Nxd4 Nf6 5. Nc3 e5 6. Ndb5 d6 7. Bg5 a6 8. Na3 b5 9. Bxf6 gxf6 10. Nd5 f5 11. Bd3 Be6 12. 0-0 Bxd5 13. exd5 Ne7 14. c3 e4 15. Bc2 Bg7 16. Qh5 0-0 17. Rad1 Qc8 18. Bb1 b4 19. cxb4 Bxb2 20. Nc2 Bg7 21. Nd4 Re8 22. Nc6 Ng6 23. g3 Qd7 24. a3 f4 25. f3 e3 26. Rfe1 e2 27. Rc1 Re3 28. gxf4 Rae8 29. Be4 Nxf4 30. Bf5 Qb7 31. Qxh7+ Kf8 32. Kh1 Rxf3 33. Rg1 f6 34. Na5 Qe7 35. Nc6 Qb7 36. Na5 Qe7 37. Nc6 Qb7 1/2-1/2

[Event "Bolkhov"]
[Site "Bolkhov"]
[Date "2017.10.02"]
[Round "5"]
[White "Gorskiy, Alexander"]
[Black "Moiseev, Viktor"]
[Result "0-1"]
[WhiteElo "1708"]
[BlackElo "2405"]
[PlyCount "76"]
[EventDate "2017.09.30"]
[EventType "tourn"]
[EventRounds "13"]
[EventCountry "RUS"]
[SourceTitle "CBM 181 Extra"]
[Source "ChessBase"]
[SourceDate "2017.12.12"]
[SourceVersion "1"]
[SourceVersionDate "2017.12.12"]
[SourceQuality "1"]

1. e4 c5 2. Nf3 Nc6 3. Bb5 e6 4. 0-0 Nge7 5. Re1 a6 6. Bxc6 Nxc6 7. d4 cxd4 8. Nxd4 d6 9. Nc3 Be7 10. Be3 0-0 11. f4 Re8 12. Qf3 Qc7 13. Rad1 Bd7 14. Qg3 Na5 15. Nf3 Nc4 16. Bc1 Qa5 17. Qf2 d5 18. exd5 Bc5 19. Nd4 exd5 20. Kh1 Bc6 21. Rf1 Qb6 22. b3 Nd6 23. Be3 Rxe3 24. Qxe3 Nf5 25. Qd3 Nxd4 26. f5 Re8 27. f6 g6 28. Qd2 Rd8 29. Na4 Bxa4 30. bxa4 Qc6 31. a5 Ne6 32. Qc3 Ng5 33. Qd3 Ne4 34. Qf3 Rd6 35. c4 Rxf6 36. cxd5 Qa4 37. Qb3 Qxb3 38. axb3 Nf2+ 0-1

[Event "Bolkhov"]
[Site "Bolkhov"]
[Date "2017.09.30"]
[Round "1"]
[White "Kravchenko, Alexander"]
[Black "Moiseev, Viktor"]
[Result "0-1"]
[WhiteElo "1894"]
[BlackElo "2405"]
[PlyCount "64"]
[EventDate "2017.09.30"]
[EventType "tourn"]
[EventRounds "13"]
[EventCountry "RUS"]
[SourceTitle "CBM 181 Extra"]
[Source "ChessBase"]
[SourceDate "2017.12.12"]
[SourceVersion "1"]
[SourceVersionDate "2017.12.12"]
[SourceQuality "1"]

1. d4 Nf6 2. c4 e6 3. Nc3 Bb4 4. f3 d5 5. e3 0-0 6. a3 Bxc3+ 7. bxc3 c5 8. cxd5 exd5 9. Bd3 b6 10. Ne2 Nc6 11. 0-0 Re8 12. Ra2 Qd6 13. g4 Bb7 14. Ng3 g6 15. g5 Nd7 16. f4 f5 17. gxf6 Nxf6 18. Qf3 Ne4 19. Nxe4 dxe4 20. Bxe4 Nxd4 21. exd4 Bxe4 22. Qg3 cxd4 23. cxd4 Bc6 24. Be3 Qd5 25. Rd2 Re7 26. Kf2 Rae8 27. Re1 Qc4 28. Rde2 Bb5 29. Qf3 Re4 30. Rd2 Rxe3 31. Rxe3 Qf1+ 32. Kg3 Qg1+ 0-1

[Event "Efremov Pechenov Memorial"]
[Site "Efremov"]
[Date "2017.04.26"]
[Round "8"]
[White "Moiseev, Viktor"]
[Black "Huseynsoy, Huseyn"]
[Result "1-0"]
[WhiteElo "2415"]
[BlackElo "2163"]
[PlyCount "91"]
[EventDate "2017.04.22"]
[EventType "tourn"]
[EventRounds "13"]
[EventCountry "RUS"]
[EventCategory "2"]
[SourceTitle "CBM 178 Extra"]
[Source "ChessBase"]
[SourceDate "2017.06.22"]
[SourceVersion "1"]
[SourceVersionDate "2017.06.22"]
[SourceQuality "1"]

1. c4 c5 2. Nc3 Nc6 3. g3 g6 4. Bg2 Bg7 5. a3 a6 6. Rb1 Rb8 7. b4 cxb4 8. axb4 b5 9. cxb5 axb5 10. Nf3 Nf6 11. d4 d5 12. Bf4 Rb6 13. Qb3 Bf5 14. Rc1 0-0 15. 0-0 Be4 16. Rfd1 Nh5 17. Be3 Nf6 18. Ne5 Bxg2 19. Kxg2 Qd6 20. Nxc6 Rxc6 21. Nxb5 Qd7 22. Nc3 Rb8 23. Bf4 Rb7 24. b5 Rcb6 25. Ra1 h6 26. Ra8+ Kh7 27. Qa2 Qf5 28. f3 g5 29. Be5 e6 30. Ra6 Nd7 31. Rxb6 Rxb6 32. Bxg7 Kxg7 33. Qa7 e5 34. dxe5 Qxe5 35. Rxd5 Qxc3 36. Rxd7 Rf6 37. Qd4 Qe1 38. Qe5 Qb4 39. Rc7 Qd6 40. Qxd6 Rxd6 41. Rc2 Rb6 42. Rb2 f5 43. Kf2 Kf6 44. Ke3 Ke6 45. Kd4 Kd6 46. f4 1-0

[Event "Efremov Pechenov Memorial"]
[Site "Efremov"]
[Date "2017.04.24"]
[Round "4"]
[White "Moiseev, Viktor"]
[Black "Aliakbarov, Anar Samir Oglu"]
[Result "1/2-1/2"]
[WhiteElo "2415"]
[BlackElo "2328"]
[PlyCount "95"]
[EventDate "2017.04.22"]
[EventType "tourn"]
[EventRounds "13"]
[EventCountry "RUS"]
[EventCategory "2"]
[SourceTitle "CBM 178 Extra"]
[Source "ChessBase"]
[SourceDate "2017.06.22"]
[SourceVersion "1"]
[SourceVersionDate "2017.06.22"]
[SourceQuality "1"]

1. e4 e5 2. Nf3 Nf6 3. Nxe5 d6 4. Nf3 Nxe4 5. d4 d5 6. Bd3 Nc6 7. 0-0 Be7 8. Re1 Bg4 9. Bxe4 dxe4 10. Rxe4 Bxf3 11. Qxf3 Nxd4 12. Qd3 Ne6 13. Qxd8+ Rxd8 14. Nc3 0-0 15. Be3 Bf6 16. f3 Bxc3 17. bxc3 Rd6 18. Ra4 a6 19. Rb1 b5 20. Rab4 Rc6 21. R1b3 Nc5 22. Bxc5 Rxc5 23. c4 bxc4 24. Rc3 Rd8 25. Rbxc4 Rxc4 26. Rxc4 Rd1+ 27. Kf2 Ra1 28. Rxc7 g6 29. Ke3 Rxa2 30. h4 h5 31. g4 hxg4 32. fxg4 Kg7 33. Kd4 a5 34. c4 a4 35. c5 a3 36. Ra7 Ra1 37. Kc3 Rc1+ 38. Kb4 Rb1+ 39. Kc4 Rc1+ 40. Kb5 Ra1 41. Kc6 a2 42. Kc7 Rc1 43. Rxa2 Rxc5+ 44. Kd6 Rc4 45. Rg2 Kf6 46. Rf2+ Kg7 47. Rg2 Kf6 48. Rf2+ 1/2-1/2

[Event "Dubna Novikov Memorial"]
[Site "Dubna"]
[Date "2016.07.28"]
[Round "7"]
[White "Moiseev, Viktor"]
[Black "Novikov, Maxim"]
[Result "1-0"]
[WhiteElo "2417"]
[BlackElo "2513"]
[PlyCount "53"]
[EventDate "2016.07.22"]
[EventType "tourn"]
[EventRounds "9"]
[EventCountry "RUS"]
[EventCategory "7"]
[SourceTitle "CBM 173 Extra"]
[Source "ChessBase"]
[SourceDate "2016.08.29"]
[SourceVersion "1"]
[SourceVersionDate "2016.08.29"]
[SourceQuality "1"]

1. e4 d6 2. d4 Nf6 3. Nc3 e5 4. Nf3 Nbd7 5. Bc4 Be7 6. 0-0 0-0 7. Re1 c6 8. a4 a5 9. h3 Qc7 10. Be3 exd4 11. Nxd4 Nc5 12. Qf3 Be6 13. Nxe6 Nxe6 14. Rad1 Rad8 15. Ba2 Rfe8 16. Qg3 Bf8 17. f4 d5 18. exd5 Nxd5 19. Bxd5 cxd5 20. Nxd5 Qxc2 21. Nf6+ Kh8 22. Rc1 Qxa4 23. Nxe8 Rxe8 24. Qf2 Bb4 25. Bd2 Bxd2 26. Qxd2 Rd8 27. Rxe6 1-0

[Event "Dubna Novikov Memorial"]
[Site "Dubna"]
[Date "2016.07.24"]
[Round "3"]
[White "Pourramezanali, Amirreza"]
[Black "Moiseev, Viktor"]
[Result "1-0"]
[WhiteElo "2509"]
[BlackElo "2417"]
[PlyCount "97"]
[EventDate "2016.07.22"]
[EventType "tourn"]
[EventRounds "9"]
[EventCountry "RUS"]
[EventCategory "7"]
[SourceTitle "CBM 173 Extra"]
[Source "ChessBase"]
[SourceDate "2016.08.29"]
[SourceVersion "1"]
[SourceVersionDate "2016.08.29"]
[SourceQuality "1"]

1. e4 c5 2. Nf3 e6 3. d4 cxd4 4. Nxd4 a6 5. Nc3 Qc7 6. f4 Nc6 7. Nxc6 Qxc6 8. Bd3 b5 9. Qe2 Bc5 10. e5 Bb7 11. Ne4 Be7 12. f5 Qd5 13. Bf4 exf5 14. Nd6+ Bxd6 15. exd6+ Qe6 16. Bxf5 Qxe2+ 17. Kxe2 g6 18. Bd3 Bxg2 19. Rhe1 Kf8 20. a4 b4 21. Kd2 Kg7 22. a5 Nf6 23. Be5 Rhe8 24. Re2 Bh3 25. Rg1 h5 26. Re3 Bg4 27. h3 Rxe5 28. Rxe5 Bxh3 29. c3 bxc3+ 30. bxc3 Kh6 31. Rb1 g5 32. Rb6 g4 33. Rxa6 Rg8 34. Rb6 g3 35. Rb1 h4 36. a6 Bg2 37. Rf5 Rg6 38. a7 h3 39. Rf4 h2 40. Bxg6 Kxg6 41. Rh4 Kg5 42. Rh8 Nh5 43. a8Q Bxa8 44. Rxa8 Kg4 45. Rg8+ Kf3 46. Rf1+ Kg2 47. Ke2 h1Q 48. Rxh1 Kxh1 49. Rh8 1-0

[Event "Dubna Novikov Memorial"]
[Site "Dubna"]
[Date "2016.07.23"]
[Round "2"]
[White "Moiseev, Viktor"]
[Black "Hasanzade, Toghrul Qasim Oglu"]
[Result "1/2-1/2"]
[WhiteElo "2417"]
[BlackElo "2363"]
[PlyCount "60"]
[EventDate "2016.07.22"]
[EventType "tourn"]
[EventRounds "9"]
[EventCountry "RUS"]
[EventCategory "7"]
[SourceTitle "CBM 173 Extra"]
[Source "ChessBase"]
[SourceDate "2016.08.29"]
[SourceVersion "1"]
[SourceVersionDate "2016.08.29"]
[SourceQuality "1"]

1. e4 Nf6 2. e5 Nd5 3. d4 d6 4. Nf3 dxe5 5. Nxe5 c6 6. Bc4 Bf5 7. 0-0 Nd7 8. Nxd7 Qxd7 9. Re1 e6 10. c3 Bd6 11. Nd2 0-0 12. Ne4 Bxe4 13. Rxe4 b5 14. Bxd5 cxd5 15. Re2 a5 16. a3 b4 17. axb4 axb4 18. Rxa8 Rxa8 19. cxb4 Bxb4 20. Bd2 Bxd2 21. Rxd2 Rc8 22. Rc2 Rc4 23. b3 Rc6 24. Qc1 Rxc2 25. Qxc2 h6 26. Qd3 Qc6 27. h3 Qc1+ 28. Kh2 Qf4+ 29. Kg1 Qc1+ 30. Kh2 Qf4+ 1/2-1/2

[Event "Dubna"]
[Site "Dubna"]
[Date "2015.12.02"]
[Round "8"]
[White "Zaitsev, Alexander"]
[Black "Moiseev, Viktor"]
[Result "1-0"]
[WhiteElo "2473"]
[BlackElo "2415"]
[PlyCount "95"]
[EventDate "2015.11.28"]
[EventType "tourn"]
[EventRounds "13"]
[EventCountry "RUS"]
[EventCategory "6"]
[SourceTitle "EXT 2017"]
[Source "ChessBase"]
[SourceDate "2016.10.25"]
[SourceVersion "1"]
[SourceVersionDate "2016.10.25"]
[SourceQuality "1"]

1. e4 c5 2. Nf3 d6 3. d4 cxd4 4. Nxd4 Nf6 5. Nc3 a6 6. Be3 e6 7. a4 b6 8. g3 Bb7 9. Bg2 Nbd7 10. 0-0 Qc7 11. Qe2 Be7 12. Rad1 0-0 13. f4 Rfe8 14. f5 e5 15. Nb3 Rac8 16. g4 h6 17. h4 Nh7 18. Bf2 Qd8 19. Nd2 Nc5 20. Nc4 Qc7 21. b3 Red8 22. a5 b5 23. Nb6 Rb8 24. b4 Na4 25. Ncxa4 bxa4 26. Nxa4 Rdc8 27. Nb6 Rd8 28. c4 Qc6 29. Nd5 Qd7 30. Nxe7+ Qxe7 31. b5 Ra8 32. c5 dxc5 33. Rxd8+ Qxd8 34. b6 Qe7 35. Rc1 Rc8 36. Qc4 Qd6 37. Bf3 Qd2 38. Qc3 Qxc3 39. Rxc3 c4 40. Bg3 Nf6 41. Bxe5 Nxe4 42. Bc7 Re8 43. Rxc4 Nd2 44. Bxb7 Nxc4 45. Bc6 Re1+ 46. Kf2 Nxa5 47. Kxe1 Nxc6 48. b7 1-0

[Event "Dubna"]
[Site "Dubna"]
[Date "2015.12.01"]
[Round "6"]
[White "Pogosian, Manvel"]
[Black "Moiseev, Viktor"]
[Result "1/2-1/2"]
[WhiteElo "2382"]
[BlackElo "2415"]
[PlyCount "105"]
[EventDate "2015.11.28"]
[EventType "tourn"]
[EventRounds "13"]
[EventCountry "RUS"]
[EventCategory "6"]
[SourceTitle "EXT 2017"]
[Source "ChessBase"]
[SourceDate "2016.10.25"]
[SourceVersion "1"]
[SourceVersionDate "2016.10.25"]
[SourceQuality "1"]

1. d4 Nf6 2. c4 c5 3. d5 e6 4. Nf3 exd5 5. cxd5 d6 6. Nc3 g6 7. Bf4 Bg7 8. Qa4+ Bd7 9. Qb3 b5 10. Nxb5 Qa5+ 11. Nc3 Nxd5 12. Qxd5 Bxc3+ 13. Bd2 Bxd2+ 14. Qxd2 Qxd2+ 15. Nxd2 Nc6 16. 0-0-0 Ke7 17. Ne4 Rhd8 18. Nc3 Be6 19. g3 Rab8 20. Bg2 Nb4 21. a3 Na2+ 22. Nxa2 Bxa2 23. Bd5 Bxd5 24. Rxd5 a5 25. Rhd1 Rb3 26. R1d3 Rxd3 27. Rxd3 a4 28. e4 Ke6 29. Kc2 Ke5 30. f3 h5 31. Rc3 Rb8 32. Rc4 Ra8 33. f4+ Ke6 34. Kd3 f5 35. Kc3 h4 36. Kc2 hxg3 37. hxg3 Ra7 38. Kc3 fxe4 39. Rxe4+ Kd5 40. Re2 Rh7 41. Rd2+ Kc6 42. Re2 Rh3 43. Re3 Kb5 44. Rd3 d5 45. Rxd5 Rxg3+ 46. Rd3 Rg4 47. Rf3 Rg2 48. b3 axb3 49. Kxb3 c4+ 50. Kc3 Ra2 51. Kd4 Rd2+ 52. Kc3 Ra2 53. Kd4 1/2-1/2

[Event "Dubna"]
[Site "Dubna"]
[Date "2015.11.28"]
[Round "1"]
[White "Moiseev, Viktor"]
[Black "Viktorov, Alexandr G"]
[Result "1-0"]
[WhiteElo "2415"]
[BlackElo "2510"]
[PlyCount "67"]
[EventDate "2015.11.28"]
[EventType "tourn"]
[EventRounds "13"]
[EventCountry "RUS"]
[EventCategory "6"]
[SourceTitle "EXT 2017"]
[Source "ChessBase"]
[SourceDate "2016.10.25"]
[SourceVersion "1"]
[SourceVersionDate "2016.10.25"]
[SourceQuality "1"]

1. e4 c5 2. Nf3 d6 3. d4 cxd4 4. Nxd4 Nf6 5. Nc3 Nc6 6. Bg5 e6 7. Qd2 a6 8. 0-0-0 Bd7 9. f4 b5 10. Bxf6 gxf6 11. Kb1 Qb6 12. Nxc6 Bxc6 13. Qe1 Ra7 14. Bd3 h5 15. Qh4 Bg7 16. f5 Qc5 17. Rhf1 Qe5 18. Ne2 a5 19. Nf4 a4 20. fxe6 a3 21. c3 axb2 22. Qf2 Qc5 23. exf7+ Kxf7 24. e5 Qxf2 25. Bg6+ Kg8 26. Rxf2 fxe5 27. Rxd6 exf4 28. Rxc6 Be5 29. Rxb2 Kg7 30. Rxb5 Bxc3 31. Bxh5 Bd4 32. Rg6+ Kh7 33. Rg4 Be3 34. Bf7 1-0